000 00672nam a2200241Ia 4500
003 OSt
005 20220926013224.0
006 a|||||r|||| 00| 0
007 ta
008 220923b |||||||| |||| 00| 0 eng d
020 _a0745005101
037 _cGeneral Book
040 _aRTL
_cRTL
_beng
041 _2eng
_aeng
082 _aX61, M8/TD3
100 _aPesek Boris P
_9317988
245 0 _aMicroeconomics of money and banking and other essays
260 _aNew York
_bHarvester
_c1988
300 _axiii,274p.
_ccm.
500 _aBibliography chapterwise
942 _hX61, M8/TD3
_cGB
_2CC
999 _c625493
_d625493